Famous Players Part 3 - Statistics

General Stats
  • This quiz has been taken 10 times
  • The average score is 161 of 462
Answer Stats
Hint Answer % Correct
Romania Adrian Adrian Mutu/Mutu
100%
Sweden Alexander Alexander Isak/Isak
100%
Portugal Andre Andre Gomes/Gomes
100%
Portugal Andre Andre Silva/Silva
100%
Spain Andres Andres Iniesta/Iniesta
100%
Portugal Bernardo Bernardo Silva/Silva
100%
Spain Brahim Brahim Diaz/Diaz
100%
Switzerland Breel Breel Embolo/Embolo
100%
Portugal Bruno Bruno Fernandes/Fernandes
100%
Spain Cesc Cesc Fabregas/Fabregas
100%
Portugal Cristiano Cristiano Ronaldo/Ronaldo/CR7
100%
Uruguay Cristian Cristian Rodriguez/Rodriguez
100%
Spain David David Silva/Silva
100%
Spain David David Villa/Villa
100%
Senegal Demba Demba Ba/Ba
100%
Spain Denis Denis Suarez/Suarez
100%
Spain Diego Diego Costa/Costa
100%
Uruguay Diego Diego Forlan/Forlan
100%
Uruguay Edinson Edinson Cavani/Cavani
100%
Spain Fernando Fernando Torres/Torres
100%
Spain Ferran Ferran Torres/Torres
100%
Spain Francisco Francisco Isco/Isco/Suarez
100%
Wales Gareth Gareth Bale/Bale
100%
Romania Gheorghe Gheorghe Hagi/Hagi
100%
Switzerland Granit Granit Xhaka/Xhaka
100%
Spain Iker Iker Casillas/Casillas
100%
Spain Inigo Inigo Martinez/Martinez
100%
Spain Javi Javi Martinez/Martinez
100%
Peru Jefferson Jefferson Farfan/Farfan
100%
Venezuela J Jeffren Suarez/Suarez/Jeffren
100%
Spain J Jese Rodriguez/Rodriguez/Jese
100%
Spain J Joaquin Sanchez/Sanchez/Joaquin
100%
USA Jozy Jozy Altidore/Altidore
100%
USA Landon Landon Donovan/Donovan
100%
Spain Luis | Uruguay Luis Luis Suarez/Suarez
100%
Spain Marcos Marcos Alonso/Alonso
100%
Spain Mario Mario Suarez/Suarez
100%
Spain N Nacho Fernandez/Fernandez/Nacho
100%
Serbia Nemanja Nemanja Vidic/Vidic
100%
Portugal Nuno Nuno Gomes/Gomes
100%
Senegal Papiss Papiss Cisse/Cisse
100%
Spain Pau Pau Torres/Torres
100%
Spain P Pedro Rodriguez/Rodriguez/Pedro
100%
Spain Pep Pep Guardiola/Guardiola
100%
Portugal Ricardo Ricardo Costa/Costa
100%
Switzerland Ricardo Ricardo Rodriguez/Rodriguez
100%
Republic of Ireland Robbie Robbie Keane/Keane
100%
Poland Robert Robert Lewandowski/Lewandowski
100%
Spain R Rodri
100%
Republic of Ireland Roy Roy Keane/Keane
100%
Portugal Ruben Ruben Dias/Dias
100%
Portugal Rui Rui Costa/Costa
100%
Spain Sergio Sergio Busquets/Busquets
100%
Spain Sergio Sergio Ramos/Ramos
100%
Spain Victor Victor Sanchez Mata/Sanchez/Mata
100%
Spain Xabi Xabi Alonso/Alonso
100%
Switzerland Xherdan Xherdan Shaqiri/Shaqiri
100%
Switzerland Yann Yann Sommer/Sommer
100%
Poland Zbigniew Zbigniew Boniek/Boniek
100%
Sweden Zlatan Zlatan Ibrahimovic/Ibrahimovic
100%
Senegal Abdou Abdou Diallo/Diallo
67%
Spain Adama Adama Traore/Traore
67%
Spain A Adrian Lopez/Lopez/Alvarez/Adrian
67%
Spain Alberto Alberto Moreno/Moreno
67%
Spain Alvaro Alvaro Morata/Morata
67%
Spain Ander Ander Herrera/Herrera
67%
Spain Andoni Andoni Zubizarreta/Zubizarreta
67%
Russia Andrey Andrey Arshavin/Arshavin
67%
Ukraine Andriy Andriy Shevchenko/Shevchenko
67%
Spain Ansu Ansu Fati/Fati
67%
Turkey Arda Arda Turan/Turan
67%
Poland Arkadiusz Arkadiusz Milik/Milik
67%
Turkey Aydin Aydin Yilmaz/Yilmaz
67%
Wales Ben Ben Davies/Davies
67%
USA Brad Brad Friedel/Friedel
67%
Portugal Bruno Bruno Alves/Alves
67%
Turkey Burak Burak Yilmaz/Yilmaz
67%
Spain Carles Carles Puyol/Puyol
67%
Spain Carlos Carlos Soler/Soler
67%
Spain Cesar Cesar Azpilicueta/Azpilicueta
67%
Peru Claudio Claudio Pizarro/Pizarro
67%
USA Clint Clint Dempsey/Dempsey
67%
Spain Daniel Daniel Carvajal/Carvajal
67%
Portugal D Danilo Pereira/Pereira/Danilo
67%
Spain David David De Gea/De Gea
67%
Portugal D Deco
67%
Serbia Dejan Dejan Stankovic/Stankovic
67%
Scotland Denis Denis Law/Law
67%
Spain Diego Diego Lopez/Lopez
67%
Portugal Diogo Diogo Jota/Jota
67%
Senegal Edouard Edouard Mendy/Mendy
67%
Portugal E Eduardo Carvalho/Carvalho/Eduardo
67%
Sweden Emil Emil Forsberg/Forsberg
67%
Spain Emilio Emilio Butragueno/Butragueno
67%
Turkey Emre Emre Mor/Mor
67%
Spain Eric Eric Garcia/Garcia
67%
Spain Fabian Fabian Ruiz/Ruiz
67%
Switzerland Fabian Fabian Schar/Schar
67%
Sweden Freddie Freddie Ljungberg/Ljungberg
67%
Spain Gerard Gerard Moreno/Moreno
67%
Spain Gerard Gerard Pique/Pique
67%
Poland Grzegorz Grzegorz Krychowiak/Krychowiak
67%
Turkey Hakan Hakan Calhanoglu/Calhanoglu
67%
Portugal Helder Helder Postiga/Postiga
67%
Sweden Henrik Henrik Larsson/Larsson
67%
Wales Ian Ian Rush/Rush
67%
Slovenia Jan Jan Oblak/Oblak
67%
Spain Javi Javi Garcia/Garcia
67%
Spain Jesus Jesus Navas/Navas
67%
Portugal Joao Joao Cancelo/Cancelo
67%
Portugal Joao Joao Moutinho/Moutinho
67%
Spain Jordi Jordi Alba/Alba
67%
Senegal Kalidou Kalidou Koulibaly/Koulibaly
67%
Portugal Kepler Kepler Pepe/Pepe
67%
Russia Lev Lev Yashin/Yashin
67%
Portugal Luis Luis Figo/Figo
67%
Spain Luis Luis Garcia/Garcia
67%
Portugal Mario Mario Rui/Rui
67%
Spain Mikel Mikel Arteta/Arteta
67%
Portugal Nelson Nelson Semedo/Semedo
67%
Serbia Nemanja Nemanja Matic/Matic
67%
Turkey Nuri Nuri Sahin/Sahin
67%
Spain Pablo Pablo Hernandez/Hernandez
67%
Portugal P Pauleta
67%
Spain P Pedri
67%
Portugal Pedro Pedro Pauleta/Pauleta
67%
Spain Raul Raul Garcia/Garcia
67%
Spain R Raul Gonzalez/Gonzalez/Raul
67%
Portugal Ricardo Ricardo Carvalho/Carvalho
67%
Portugal Rui Rui Patricio/Patricio
67%
Senegal Sadio Sadio Mane/Mane
67%
Sweden Sebastian Sebastian Larsson/Larsson
67%
Spain Sergio Sergio Garcia/Garcia
67%
Republic of Ireland Shay Shay Given/Given
67%
South Korea S Son Heung-min/Heung-min
67%
USA Tim Tim Howard/Howard
67%
Spain Unai Unai Emery/Emery
67%
Switzerland Valon Valon Behrami/Behrami
67%
Portugal William William Carvalho/Carvalho
67%
Spain X Xavi Hernandez/Hernandez/Xavi
67%
Wales Aaron Aaron Ramsey/Ramsey
33%
Serbia Adem Adem Ljajic/Ljajic
33%
Russia Alan Alan Dzagoev/Dzagoev
33%
Spain Aleix Aleix Vidal/Vidal
33%
Serbia Aleksandar Aleksandar Kolarov/Kolarov
33%
Russia Aleksandr Aleksandr Golovin/Golovin
33%
Russia Aleksandr Aleksandr Kerzhakov/Kerzhakov
33%
Russia Aleksandr Aleksandr Kokorin/Kokorin
33%
Spain Alfredo Alfredo Di Stefano/Di Stefano
33%
Spain Alvaro Alvaro Negredo/Negredo
33%
Uruguay Alvaro Alvaro Pereira/Pereira
33%
Sweden Anders Anders Svensson/Svensson
33%
Spain Andoni Andoni Iraola/Iraola
33%
Ukraine Andriy Andriy Yarmolenko/Yarmolenko
33%
Spain Aritz Aritz Aduriz/Aduriz
33%
Russia Artem Artem Dzyuba/Dzyuba
33%
Wales Ashley Ashley Williams/Williams
33%
Spain Asier Asier Illarramendi/Illarramendi
33%
Tunisia Aymen Aymen Abdennour/Abdennour
33%
Spain Aymeric Aymeric Laporte/Laporte
33%
Portugal B Bebe
33%
Switzerland Blerim Blerim Dzemaili/Dzemaili
33%
Spain Borja Borja Valero/Valero
33%
Serbia Branislav Branislav Ivanovic/Ivanovic
33%
Spain Bruno Bruno Soriano/Soriano
33%
Scotland Charlie Charlie Adam/Adam
33%
Senegal Cheikhou Cheikhou Kouyate/Kouyate
33%
USA Christian Christian Pulisic/Pulisic
33%
Spain Cristian Cristian Tello/Tello
33%
Republic of Ireland Damien Damien Duff/Duff
33%
Spain Dani Dani Olmo/Olmo
33%
Scotland Darren Darren Fletcher/Fletcher
33%
Spain Diego Diego Llorente/Llorente
33%
Portugal Diogo Diogo Dalot/Dalot/Teixeira
33%
Serbia Dusan Dusan Tadic/Tadic
33%
Trinidad and Tobago Dwight Dwight Yorke/Yorke
33%
Portugal E Eder Lopes/Lopes/Eder
33%
Togo Emmanuel Emmanuel Adebayor/Adebayor
33%
Turkey Emre Emre Belozoglu/Belozoglu
33%
Spain Esteban Esteban Granero/Granero
33%
Portugal E Eusebio/Ferreira
33%
Portugal Fabio Fabio Coentrao/Coentrao
33%
Uruguay Federico Federico Valverde/Valverde
33%
Spain Fernando Fernando Hierro/Hierro
33%
Spain Fernando Fernando Llorente/Llorente
33%
Uruguay Fernando Fernando Muslera/Muslera
33%
Spain Francisco Francisco Gento/Gento
33%
Spain G Gabi
33%
Spain Gaizka Gaizka Mendieta/Mendieta
33%
Spain Gerard Gerard Deulofeu/Deulofeu
33%
Portugal Goncalo Goncalo Guedes/Guedes
33%
Turkey Halil Halil Altintop/Altintop
33%
Turkey Hamit Hamit Altintop/Altintop
33%
Switzerland Haris Haris Seferovic/Seferovic
33%
Spain Iker Iker Muniain/Muniain
33%
Spain Inaki Inaki Williams/Williams
33%
Spain Ivan Ivan Helguera/Helguera
33%
Poland Jakub Jakub Blaszczykowski/Blaszczykowski
33%
USA Jermaine Jermaine Jones/Jones
33%
Spain Joan Joan Capdevila/Capdevila
33%
Portugal Joao Joao Felix/Felix
33%
Portugal Joao Joao Mario/Mario
33%
Portugal Joao Joao Pereira/Pereira
33%
Wales Joe Joe Allen/Allen
33%
Switzerland Johan Johan Djourou/Djourou
33%
Republic of Ireland John John O'Shea/O'Shea
33%
Spain Jonathan Jonathan Soriano/Soriano
33%
Spain Jose Jose Angel/Angel
33%
Spain Joseba Joseba Llorente/Llorente
33%
Portugal Jose Jose Bosingwa/Bosingwa
33%
Uruguay Jose Jose Caceres/Caceres
33%
Spain Jose Jose Callejon/Callejon
33%
Uruguay Jose Jose Gimenez/Gimenez
33%
Spain Jose Jose Gutierrez/Gutierrez/Guti
33%
Portugal Jose Jose Mourinho/Mourinho
33%
Slovenia Josip Josip Ilicic/Ilicic
33%
Spain Juan Juan Mata/Mata
33%
Spain Julen Julen Lopetegui/Lopetegui
33%
Poland Kamil Kamil Glik/Glik
33%
Senegal Keita Keita Balde/Balde
33%
Scotland Kenny Kenny Dalglish/Dalglish
33%
Spain K Kepa Arrizabalaga/Arrizabalaga/Kepa
33%
Poland Krzysztof Krzysztof Piatek/Piatek
33%
Spain Lucas Lucas Vazquez/Vazquez
33%
Poland Lukasz Lukasz Piszczek/Piszczek
33%
Spain Marco Marco Asensio/Asensio
33%
Spain Marcos Marcos Llorente/Llorente
33%
Spain Marcos Marcos Senna/Senna
33%
Slovakia Marek Marek Hamsik/Hamsik
33%
Spain Markel Markel Susaeta/Susaeta
33%
Serbia Matija Matija Nastasic/Nastasic
33%
Uruguay Maxi Maxi Gomez/Gomez
33%
Uruguay Maxi Maxi Pereira/Pereira
33%
Turkey Merih Merih Demiral/Demiral
33%
USA Michael Michael Bradley/Bradley
33%
Spain Miguel Miguel Nadal/Nadal
33%
Spain Mikel Mikel Oyarzabal/Oyarzabal
33%
Slovakia Milan Milan Skriniar/Skriniar
33%
Serbia Miralem Miralem Sulejmani/Sulejmani
33%
Serbia Nemanja Nemanja Jovic/Jovic
33%
Serbia Nemanja Nemanja Maksimovic/Maksimovic
33%
Serbia Neven Neven Subotic/Subotic
33%
Portugal Nuno Nuno Maniche/Maniche
33%
Sweden Ola Ola Toivonen/Toivonen
33%
Ukraine Oleksandr Oleksandr Zinchenko/Zinchenko
33%
Sweden Olof Olof Mellberg/Mellberg
33%
Spain Oriol Oriol Romeu/Romeu
33%
Spain Paco Paco Alcacer/Alcacer
33%
Peru Paolo Paolo Guerrero/Guerrero
33%
South Korea P Park Ji-Sung/Ji-Sung/Park
33%
Poland Piotr Piotr Zielinski/Zielinski
33%
Portugal Raphael Raphael Guerreiro/Guerreiro
33%
Portugal Renato Renato Sanches/Sanches
33%
Portugal Ricardo Ricardo Pereira/Pereira
33%
Spain Ricardo Ricardo Zamora/Zamora
33%
Slovakia Robert Robert Mak/Mak
33%
Poland Roger Roger Guerreiro/Guerreiro
33%
Switzerland Roman Roman Burki/Burki
33%
Ukraine Roman Roman Yaremchuk/Yaremchuk
33%
Uruguay Ronald Ronald Araujo/Araujo
33%
Portugal Ruben Ruben Neves/Neves
33%
Wales Ryan Ryan Giggs/Giggs
33%
Slovenia Samir Samir Handanovic/Handanovic
33%
Spain S Santillana
33%
Scotland Scott Scott McTominay/McTominay
33%
Republic of Ireland Seamus Seamus Coleman/Coleman
33%
Spain Sergio Sergio Canales/Canales
33%
Spain Sergio Sergi Roberto/Roberto
33%
Portugal S Simao Sabrosa/Sabrosa/Simao
33%
Serbia Sinisa Sinisa Mihajlovic/Mihajlovic
33%
South Africa Siphiwe Siphiwe Tshabalala/Tshabalala
33%
Switzerland Stephan Stephan Lichtsteiner/Lichtsteiner
33%
Republic of Ireland Stephen Stephen Ireland/Ireland
33%
Scotland Steven Steven Fletcher/Fletcher
33%
Spain Telmo Telmo Zarra/Zarra
33%
Spain Tito Tito Vilanova/Vilanova
33%
Spain Unai Unai Simon/Simon
33%
Spain Vicente Vicente Del Bosque/Del Bosque
33%
Uruguay Walter Walter Gargano/Gargano
33%
Poland Wojciech Wojciech Szczesny/Szczesny
33%
Ukraine Yevhen Yevhen Konoplyanka/Konoplyanka
33%
Switzerland Admir Admir Mehmedi/Mehmedi
0%
Republic of Ireland Aiden Aiden McGeady/McGeady
0%
Spain Aitor Aitor Karanka/Karanka
0%
Spain Albert Albert Riera/Riera
0%
Switzerland Alexander Alexander Frei/Frei
0%
Scotland Alex Alex Ferguson/Ferguson
0%
Spain A Alexis Delgado/Delgado/Alexis
0%
Spain Alvaro Alvaro Arbeloa/Arbeloa
0%
Uruguay Alvaro Alvaro Barragan/Barragan
0%
Spain Alvaro Alvaro Odriozola/Odriozola
0%
Uruguay Alvaro Alvaro Recoba/Recoba
0%
Ukraine Anatoliy Anatoliy Tymoshchuk/Tymoshchuk
0%
Sweden Andreas Andreas Isaksson/Isaksson
0%
Spain Andres Andres Palop/Palop
0%
Spain Andreu Andreu Fontas/Fontas
0%
Scotland Andrew Andrew Robertson/Robertson
0%
Ukraine Andriy Andriy Pyatov/Pyatov
0%
Portugal Anthony Anthony Lopes/Lopes
0%
Spain Antonio Antonio Adan/Adan
0%
Poland Artur Artur Boruc/Boruc
0%
Spain B Benat Etxebarria/Etxebarria/Benat
0%
Spain B Bojan Krkic/Krkic/Bojan
0%
Spain C Cani
0%
Spain Carlos Carlos Aranda/Aranda
0%
Spain Carlos Carlos Marchena/Marchena
0%
Senegal Cheikh Cheikh M'Bengue/M'Bengue
0%
Wales Craig Craig Bellamy/Bellamy
0%
Uruguay Cristhian Cristhian Stuani/Stuani
0%
Romania Cristian Cristian Chivu/Chivu
0%
Spain Dani Dani Ceballos/Ceballos
0%
Spain Daniel Daniel Guiza/Guiza
0%
Spain Daniel Daniel Parejo/Parejo
0%
Serbia Danko Danko Lazovic/Lazovic
0%
Republic of Ireland Darron Darron Gibson/Gibson
0%
Spain David David Albelda/Albelda
0%
Scotland David David Moyes/Moyes
0%
Scotland David David Weir/Weir
0%
Russia Denis Denis Cheryshev/Cheryshev
0%
Spain Diego Diego Capel/Capel
0%
Uruguay Diego Diego Godin/Godin
0%
Uruguay Diego Diego Lugano/Lugano
0%
Ukraine Dmytro Dmytro Chygrynskiy/Chygrynskiy
0%
Serbia Dusan Dusan Basta/Basta
0%
Senegal El Hadji El Hadji Diouf/Diouf
0%
Portugal E Eliseu Dos Santos/Dos Santos/Eliseu
0%
Saudi Arabia Fahad Fahad Al-Muwallad/Al-Muwallad
0%
Venezuela Fernando Fernando Amorebieta/Amorebieta
0%
Spain Fernando Fernando Morientes/Morientes
0%
Spain Fernando Fernando Navarro/Navarro
0%
Portugal Francisco Francisco Trincao/Trincao
0%
Spain Gaizka Gaizka Toquero/Toquero
0%
Wales Gary Gary Speed/Speed
0%
Portugal Gelson Gelson Martins/Martins
0%
Switzerland Gokhan Gokhan Inler/Inler
0%
Spain Gorka Gorka Iraizoz/Iraizoz
0%
Turkey Hakan Hakan Sukur/Sukur
0%
Spain Hector Hector Bellerin/Bellerin
0%
Portugal Hugo Hugo Almeida/Almeida
0%
Spain Iago Iago Aspas/Aspas
0%
Senegal Idrissa Idrissa Gueye/Gueye
0%
Russia Igor Igor Akinfeev/Akinfeev
0%
Spain Isaac Isaac Cuenca/Cuenca
0%
Spain Ivan Ivan De La Pena/De La Pena
0%
Scotland James James Forrest/Forrest
0%
Poland Jerzy Jerzy Dudek/Dudek
0%
Portugal Joao Joao Pinto/Pinto
0%
Sweden Johan Johan Elmander/Elmander
0%
Sweden John John Guidetti/Guidetti
0%
Spain Jordi Jordi Masip/Masip
0%
Spain Jose Jose Camacho/Camacho
0%
Portugal Jose Jose Fonte/Fonte
0%
Spain Jose Jose Gaya/Gaya
0%
Spain Jose Jose Jurado/Jurado
0%
Spain Jose Jose Molina/Molina
0%
Spain Jose Jose Pinto/Pinto
0%
Spain Josep Josep Samitier/Samitier
0%
Spain Jose Jose Reyes/Reyes
0%
Venezuela Jose Jose Rondon/Rondon
0%
Venezuela Juan Juan Arango/Arango
0%
Spain Juan Juan Bernat/Bernat
0%
Spain J Juanfran
0%
Spain Juan Juan Pizzi/Pizzi
0%
Spain Juan Juan Valera/Valera
0%
Spain Juan Juan Valeron/Valeron
0%
Peru Juan Juan Vargas/Vargas
0%
Slovakia Juraj Juraj Kucka/Kucka
0%
Scotland Kenny Kenny Miller/Miller
0%
Sweden Kim Kim Kallstrom/Kallstrom
0%
Spain K Koke
0%
Scotland Kris Kris Boyd/Boyd
0%
Uruguay Lucas Lucas Torreira/Torreira
0%
Poland Ludovic Ludovic Obraniak/Obraniak
0%
Spain Luis Luis Enrique/Enrique
0%
Portugal Luis Luis Nani/Nani
0%
Poland Lukasz Lukasz Fabianski/Fabianski
0%
Saudi Arabia Majed Majed Abdullah/Abdullah
0%
Senegal Mamadou Mamadou Niang/Niang
0%
Senegal Mame Mame Diouf/Diouf
0%
Spain Manu Manu Del Moral/Del Moral
0%
Spain Manuel Manuel Almunia/Almunia
0%
Spain Manuel Manuel Nolito/Nolito
0%
Spain Marc Marc Bartra/Bartra
0%
Spain Marc Marc Cucurella/Cucurella
0%
Spain Marc Marc Muniesa/Muniesa
0%
Wales Mark Mark Hughes/Hughes
0%
Serbia Marko Marko Pantelic/Pantelic
0%
Spain Martin Martin Montoya/Montoya
0%
Slovakia Martin Martin Skrtel/Skrtel
0%
Senegal M'Baye M'Baye Niang/Niang
0%
Turkey Mehmet Mehmet Topal/Topal
0%
Spain Michel Michel Salgado/Salgado
0%
Spain M Michu/Cuesta
0%
Portugal M Miguel Monteiro/Monteiro/Miguel
0%
Spain Miguel Miguel Moya/Moya
0%
Spain Mikel Mikel San Jose/San Jose
0%
Venezuela M Miku
0%
Serbia Milos Milos Krasic/Krasic
0%
Saudi Arabia Mohamed Mohamed Al-Deayea/Al-Deayea
0%
Saudi Arabia Mohammed Mohammed Noor/Noor
0%
Senegal Moussa Moussa Sow/Sow
0%
Spain Munir Munir El Haddadi/El Haddadi
0%
Tunisia Nabil Nabil Maaloul/Maaloul
0%
Spain Nacho Nacho Monreal/Monreal
0%
Spain Nacho Nacho Novo/Novo
0%
Serbia Nikola Nikola Zigic/Zigic
0%
Spain N Nolito
0%
Spain O Oleguer Presas/Presas/Oleguer
0%
Saudi Arabia Osama Osama Hawsawi/Hawsawi
0%
Spain Oscar Oscar De Marcos/De Marcos
0%
Spain Oscar Oscar Mingueza/Mingueza
0%
Spain Pablo Pablo Sarabia/Sarabia
0%
Portugal Paulo Paulo Ferreira/Ferreira
0%
Spain Pedro Pedro Leon/Leon
0%
Spain Pepe Pepe Reina/Reina
0%
Spain P Pichichi
0%
Spain Q Quini
0%
Spain Quique Quique Flores/Flores
0%
Spain Rafael Rafael Benitez/Benitez
0%
Spain Raul Raul Albiol/Albiol
0%
Portugal Raul Raul Meireles/Meireles
0%
Spain Raul Raul Tamudo/Tamudo
0%
Portugal Ricardo Ricardo Quaresma/Quaresma
0%
Russia Rinat Rinat Dasayev/Dasayev
0%
Spain Roberto Roberto Soldado/Soldado
0%
Sweden Robin Robin Olsen/Olsen
0%
Sierra Leone Rodney Rodney Strasser/Strasser
0%
Spain R Rodrigo
0%
Uruguay Rodrigo Rodrigo Bentancur/Bentancur
0%
Portugal R Rolando
0%
Russia Roman Roman Pavlyuchenko/Pavlyuchenko
0%
Spain Ruben Ruben Baraja/Baraja
0%
Spain Ruben Ruben Castro/Castro
0%
Spain Ruben Ruben De La Red/De La Red
0%
Turkey Rustu Rustu Recber/Recber
0%
Saudi Arabia Salem Salem Al-Dawsari/Al-Dawsari
0%
Saudi Arabia Salman Salman Al-Faraj/Al-Faraj
0%
Saudi Arabia Sami Sami Al-Jaber/Al-Jaber
0%
Spain S Sandro Ramirez/Ramirez/Sandro
0%
Spain Santiago Santiago Canizares/Canizares
0%
Spain Santi Santi Cazorla/Cazorla
0%
Spain S Saul Niguez/Niguez/Saul
0%
Scotland Scott Scott Brown/Brown
0%
Uruguay Sebastian Sebastian Coates/Coates
0%
Russia Sergei Sergei Ignashevich/Ignashevich
0%
Spain Sergio Sergio Ballesteros/Ballesteros
0%
Spain Sergio Sergio Reguilon/Reguilon
0%
Spain Sergio Sergio Rico/Rico
0%
Scotland Steven Steven Naismith/Naismith
0%
South Africa Steven Steven Pienaar/Pienaar
0%
Spain T Thiago Alcantara/Alcantara/Thiago
0%
Portugal T Tiago Mendes/Mendes/Tiago
0%
Spain Vicente Vicente Guaita/Guaita
0%
Sweden Victor Victor Lindelof/Lindelof
0%
Spain Victor Victor Valdes/Valdes
0%
Slovakia Vladimir Vladimir Weiss/Weiss
0%
Tunisia Wahbi Wahbi Khazri/Khazri
0%
Uruguay Walter Walter Pandiani/Pandiani
0%
Tunisia Youssef Youssef Msakni/Msakni
0%
Russia Yuri Yuri Zhirkov/Zhirkov
0%
Serbia Zoran Zoran Tosic/Tosic
0%
No matching quizzes found
Score Distribution
Percent of People with Each Score
Percentile by Number Answered
Your Score History
You have not taken this quiz